ՀՀ Գիտությունների ազգային ակադեմիայի հիմնարար գիտական գրադարան  =   Fundamental Scientific Library of NAS RA

Моделирование возбудимых структур / (Record no. 286587)

MARC details
000 -LEADER
fixed length control field 01316nam a2200265 u 4500
001 - CONTROL NUMBER
control field 000783751
003 - CONTROL NUMBER IDENTIFIER
control field AM-YeHGA
005 - DATE AND TIME OF LATEST TRANSACTION
control field 20250617144042.0
008 - FIXED-LENGTH DATA ELEMENTS--GENERAL INFORMATION
fixed length control field 110121s1975 ||||||||r|||||000|0|rus|d
040 ## - CATALOGING SOURCE
Original cataloging agency AM-YeHGA
041 0# - LANGUAGE CODE
Language code of text/sound track or separate title rus
090 ## - LOCALLY ASSIGNED LC-TYPE CALL NUMBER (OCLC); LOCAL CALL NUMBER (RLIN)
-- 288253
245 00 - TITLE STATEMENT
Title Моделирование возбудимых структур /
Statement of responsibility, etc. Отв. ред. В.И. Крюков ; АН СССР, Научный центр биологических исследований, Научно-исследовательский вычислительный центр.
260 ## - PUBLICATION, DISTRIBUTION, ETC.
Place of publication, distribution, etc. Пущино :
Name of publisher, distributor, etc. [Б. и.],
Date of publication, distribution, etc. 1975.
300 ## - PHYSICAL DESCRIPTION
Extent 244 с. :
Other physical details табл. ;
Dimensions 21 см.
504 ## - BIBLIOGRAPHY, ETC. NOTE
Bibliography, etc. note Библиогр. в конце ст.
650 14 - SUBJECT ADDED ENTRY--TOPICAL TERM
Topical term or geographic name entry element Нейрофизиология
650 14 - SUBJECT ADDED ENTRY--TOPICAL TERM
Topical term or geographic name entry element Память
650 14 - SUBJECT ADDED ENTRY--TOPICAL TERM
Topical term or geographic name entry element Нервных импульсов проведение
650 14 - SUBJECT ADDED ENTRY--TOPICAL TERM
Topical term or geographic name entry element Нейронные сети (Анатом)
650 14 - SUBJECT ADDED ENTRY--TOPICAL TERM
Topical term or geographic name entry element Модели нейронной сети
650 14 - SUBJECT ADDED ENTRY--TOPICAL TERM
Topical term or geographic name entry element Модели нелинейные
700 1# - ADDED ENTRY--PERSONAL NAME
Personal name Крюков, Виталий Иванович
Relator term ред.
Relationship edt
710 2# - ADDED ENTRY--CORPORATE NAME
Corporate name or jurisdiction name as entry element Академия наук СССР
Subordinate unit Научный центр биологических исследований, Научно-исследовательский вычислительный центр
Holdings
Withdrawn status Lost status Damaged status Not for loan Collection Home library Current library Date acquired Total checkouts Full call number Barcode Date last seen Price effective from Koha item type Public note
        General Fundamental Scientific Library Fundamental Scientific Library 29/12/2016   PII/383962 FL0364023 29/12/2016 29/12/2016 Գրքեր / Books 30 Days Loan


ՀՀ ԳԱԱ հիմնարար գիտական գրադարան
ՀՀ,Երևան 0019
Մարշալ Բաղրամյան 24/6
հեռախոս:(374-10) 52-47-50
Հետադարձ կապ

All site content, except where otherwise noted, is licensed under a
Creative Commons License